MDQL
is popping MORE tags! Check the
thread
!
Quizzes
Events
Quiz Creation
Community
Videos
Private Events
Remove Ads
Sign In
Join for FREE
Feedback
Dark Mode
Quiz Categories
Sports
Geography
Music
Movies
Television
Just For Fun
Miscellaneous
History
Literature
Language
Science
Gaming
Entertainment
Religion
Holiday
For Kids
Quiz Lab
Recent
Popular Today
Quiz Kudos Today
Editor Picks
Curator Picks
Quizzes by...
Day
Popularity
Type
Ratings
Length
Year
Community
Subscriptions
Recent Discussions
Orange Saloon
Badges
Playlists
Quests
Create
Leaderboards
Showdown
Live 5
Trivia Bingo
Activity
Puzzle Library
Sporcle Events
Private Events
Virtual Trivia
Globe League
Become a Host
Pub Owners
SporcleCon
Opinionation
Our Games
Videos
Blog
Mobile Apps
Partnerships
Remove Ads and Go Orange
Feedback
Sports
Athletes
MLB
NBA
NHL
NFL
Soccer
Sports Teams
WWE
NCAA
Football
Premier League
Basketball
Baseball
Hockey
Golf
Tennis
Cricket
Rugby
Auto Racing
Olympics
World Cup
Sports
Athletes
MLB
NBA
NHL
NFL
Soccer
Sports Teams
WWE
NCAA
Football
Premier League
Basketball
Baseball
Hockey
Golf
Tennis
Cricket
Rugby
Auto Racing
Olympics
World Cup
Random Quiz
Search Sporcle
×
Quiz Lab
Quiz Lab
Sports
NFL
Type in answers that appear in a list
Type in answers that appear in a list
Classic
Best Score? Go Orange.
NFL Player Nicknames Past and Present Stats
Can you name the NFL Player Nicknames Past and Present?
By
chris143
10m
70 Questions
63 Plays
63 Plays
63 Plays
Comments
Comments
Give Quiz Kudos
Give Quiz Kudos
-
- Ratings
hide this ad
Replay
Link that replays current quiz
Next Quiz
Link to next quiz in quiz playlist
You Got
0%
They Got
Avg Score
47%
Avg Friend Score
Upgrade to see
Score Distribution
Jump to the score distribution portion of the page
Score
0/70
Timer
10:00
0
Plays Today
% Correct
Deion Sanders
98.4%
Chad Johnson
93.7%
Ed Jones
93.7%
Calvin Johnson
92.1%
Walter Payton
90.5%
Adam Jones
90.5%
Jerome Bettis
88.9%
Ben Roethlisberger
87.3%
David Jones
85.7%
William Perry
81%
Dick Lane
79.4%
Joe Namath
79.4%
Jerry Rice
77.8%
Curtis Martin
76.2%
Carnel Williams
74.6%
Steve Young
74.6%
Darrent Williams
74.6%
Ricky Williams
74.6%
Bo Jackson
73%
Ricky Watters
71.4%
O.J. Simpson
69.8%
Reggie White
68.3%
Mike Ditka
61.9%
Adrian Peterson
61.9%
Warren Moon
60.3%
Champ Bailey
60.3%
Boss Bailey
57.1%
Michael Irvin
55.6%
Jevon Kearse
52.4%
Elbert Woods
52.4%
Marshawn Lynch
52.4%
Terrell Davis
50.8%
Sammy Baugh
49.2%
Darren McFadden
47.6%
Kordell Stewart
42.9%
% Correct
Devin Hester
41.3%
Elroy Hirsch
39.7%
Roger Staubach
38.1%
Andre Rison
38.1%
Daryl Johnston
38.1%
Red Grange
38.1%
Shawne Merriman
38.1%
Craig Heyward
36.5%
Randy Moss
36.5%
Gilbert Brown
33.3%
Marion Barber
33.3%
Fred Taylor
31.7%
Dave Casper
31.7%
Jack Tatum
30.2%
Thomas Henderson
28.6%
Brian Dawkins
28.6%
John Riggins
27%
Bob Hayes
25.4%
Stephen Baker
23.8%
Tom Hendricks
22.2%
Jack Reynolds
20.6%
Rod Smart
19%
Anthony McFarland
17.5%
Carlton Gilchrist
11.1%
Floyd Womack
11.1%
Ryan Leaf
11.1%
Drew Bledsoe
9.5%
Torry Holt
7.9%
Ron Mix
6.3%
Chris Cooley
6.3%
Brian Westbrook
6.3%
Jeremiah Trotter
6.3%
Russell Maryland
3.2%
Reggie Wayne
3.2%
George Haals
1.6%
Quiz Playlist
Details
Report
Send in Message
Add To Playlist
Classic:
Type in answers that appear in a list
Last Updated: Feb 16, 2017
Quiz Scoreboard
CHALLENGE
Sign Up to Join the Scoreboard
Show All
Scores
Hide
Comments
May contain spoilers
Recently Published
Holiday 10x10 Sorting Gallery
by lukepisani3
Holiday
15m
Two Season TV Shows II
by 123Four
Television
10m
Image Sorting: Flags VI
by Barbecue
Geography
2m
More to Explore
Quiz From the Vault
Featured Blog Post
14 Easter Pick-up Lines to Find Eggs With
hide this ad
You Might Also Like...
Tags
NFL Quiz
nickname
past
Player
present
Today's Top Quizzes in Sports
Browse Sports
hide this ad
Today's Top Quizzes in NFL
Browse NFL
Top Contributed Quizzes in Sports
1
Les meilleurs buteurs des matchs entre le PSG et l’OM
2
Les entraîneurs de l'OM et du PSG au 21e siècle
3
2022 World Cup Stars
4
Les joueurs passés par le PSG et l'OM
5
Players with Multiple 50 Home Run Seasons
6
FIFA Club World Cup Champions
7
Top 10 NHL Goal Scorers of All Time
8
Les joueurs passés par le LOSC et le RC Lens
9
Criteria MLB: Left Handed Sluggers
10
2023 MLB Unique Player Accomplishments
Explore More
Trending Topics
Kpop
NBA
Anime
Crossword
Harry Potter
Disney
Marvel
Puzzle
NFL
Pokémon
Song
WWE
Soccer
Country
The Office
hide this ad
More By:
chris143
Quiz
Plays
Rating
Category
Featured
Created
Top 15 Most Popular Ice Cream Flavors
761
3.00
Just For Fun
Dec 10, 2009
2009-Week 11 NFL Starting Running Backs
757
1.60
Sports
Nov 23, 2009
Mario Party 8 Characters
717
2.00
Gaming
Nov 25, 2009
2009-2010 Denver Nuggets Roster
516
3.43
Sports
Nov 22, 2009
NFL Teams whose cities start with 'C'
448
3.20
Sports
Nov 23, 2009
Go to Creator's Profile
Score Distribution
Quiz Creator Spotlight
chris143
Follow
Send a Message
Quizzes Created
-
Created Quiz Play Count
-
More By This Creator
Popular Quizzes Today
1
Find the US States - No Outlines Minefield
2
Colored Red Africa Blitz
3
Find the 'City' Movie
4
The Countries of the World
5
5x2 Blitz: Bands
6
Find the US States
7
Find the Countries of Europe - No Outlines Minefield
8
US States
More Sports Quizzes
7 to 1: NFL Alma Maters (Big 10)
Quiz Lab
Trending Quizzes
Colored Red Europe Blitz I
Colored Red Europe Blitz II
Colored Red Africa Blitz II
Colored Red Europe Blitz III
Colored Red Africa Blitz III
Recently Updated
Odd Team Out - Big 4 Players
pecheneg
Quick Pick: 20 Twenties
pecheneg
March Madness Men's Triple Doubles
pecheneg
How Do You Spell That?
pecheneg
Godzilla Movies
pecheneg
Grab Bag: 4-10 Letters
pecheneg
2024 March Madness Bracket
pecheneg
Famous TV Couples
Peacemaker
Champions League XIs: Real Madrid
pecheneg
Largest US Cities 1790-2010
pecheneg
Trending Topics
Disney
Harry Potter
Kpop
Marvel
Anime
Crossword
NBA
NFL
The Office
Puzzle
Soccer
Song
Country
WWE
Pokémon
Your Account Isn't Verified!
In order to create a playlist on Sporcle, you need to verify the email address you used during registration. Go to your
Sporcle Settings
to finish the process.
Report this User
Report this user for behavior that violates our
Community Guidelines
.
Details:
Send Report
Go to the Sporcle.com Mobile Site →
Comments